<?xml version="1.0" encoding="UTF-8"?>
<marc:record xmlns:marc="http://www.loc.gov/MARC21/slim">
   <marc:leader>00000nam a2200000 a 4500</marc:leader>
   <marc:datafield ind1="1" ind2=" " tag="100">
      <marc:subfield code="a">Hamann, Brigitte</marc:subfield>
      <marc:subfield code="4">aut</marc:subfield>
      <marc:subfield code="e">Verfasser/-in</marc:subfield>
   </marc:datafield>
   <marc:datafield ind1=" " ind2=" " tag="653">
      <marc:subfield code="a">Haarausfall</marc:subfield>
   </marc:datafield>
   <marc:datafield ind1=" " ind2=" " tag="653">
      <marc:subfield code="a">gesundes Haar</marc:subfield>
   </marc:datafield>
   <marc:datafield ind1=" " ind2=" " tag="653">
      <marc:subfield code="a">Haarwachstum</marc:subfield>
   </marc:datafield>
   <marc:datafield ind1=" " ind2=" " tag="653">
      <marc:subfield code="a">Softcover / Ratgeber/Gesundheit/Alternative Heilverfahren</marc:subfield>
   </marc:datafield>
   <marc:datafield ind1=" " ind2=" " tag="653">
      <marc:subfield code="a">Ratgeber</marc:subfield>
   </marc:datafield>
   <marc:datafield ind1="0" ind2="0" tag="245">
      <marc:subfield code="a">Haarausfall ist heilbar!</marc:subfield>
   </marc:datafield>
   <marc:datafield ind1="0" ind2="0" tag="245">
      <marc:subfield code="b">der natürliche Weg zu vollem und gesundem Haar</marc:subfield>
   </marc:datafield>
   <marc:datafield ind1="0" ind2="0" tag="245">
      <marc:subfield code="c">Brigitte Hamann</marc:subfield>
   </marc:datafield>
   <marc:datafield ind1=" " ind2="1" tag="264">
      <marc:subfield code="a">Rottenburg</marc:subfield>
      <marc:subfield code="b">Kopp Verlag</marc:subfield>
   </marc:datafield>
   <marc:datafield ind1=" " ind2=" " tag="250">
      <marc:subfield code="a">1. Auflage</marc:subfield>
   </marc:datafield>
   <marc:datafield ind1="1" ind2=" " tag="520">
      <marc:subfield code="a">Angaben aus der Verlagsmeldung

Haarausfall ist heilbar! / von Brigitte Hamann

&lt;p&gt;
&lt;strong&gt;Das Geheimnis schöner und gesunder Haare&lt;br /&gt;
Ihre Haare können wieder wachsen!&lt;br /&gt;
&lt;/strong&gt;&lt;br /&gt;
Mindestens jeder Zweite, egal ob Mann oder Frau, ist früher oder später von Haarausfall betroffen. Die häufige Diagnose der Schulmedizin: Das ist genetisch bedingt. Da kann man nichts machen. Lassen Sie sich von solchen Aussagen nicht entmutigen. Packen Sie das Problem bei der Wurzel, denn Haarausfall ist ein Symptom, die Ursachen liegen tiefer!&lt;br /&gt;
&lt;br /&gt;
Brigitte Hamann zeigt Ihnen in diesem kompetenten Ratgeber ganzheitliche und natürliche Therapiemethoden, mit denen Sie Haarausfall nicht nur stoppen können, sondern den Weg zurück zu vollem und gesundem Haar finden.&lt;br /&gt;
&lt;br /&gt;
&lt;/p&gt;
- Welche unterschiedlichen Formen des Haarausfalls gibt es?&lt;br /&gt;
- Welche Ursachen liegen dem Haarausfall wirklich zugrunde?&lt;br /&gt;
- Was können Sie sofort tun, wenn Ihr Haar ausfällt?&lt;br /&gt;
- Die Haarausfall-Diagnose: Wie machen Sie eine aussagekräftige Bestandsaufnahme Ihres Haarzustands?&lt;br /&gt;
- Mit welchen Vitaminen, Mineralien und Antioxidantien können Sie die Nährstoffdepots in Ihrem Haarboden wieder auffüllen?&lt;br /&gt;
- Was können Sie gegen Übersäuerung und Verschlackung tun?&lt;br /&gt;
- Was hat eine gesunde Darmflora mit schönen und kräftigen Haaren zu tun?&lt;br /&gt;
- Welche Nahrung macht Ihr Haar besonders gesund und kraftvoll?&lt;br /&gt;
- Welche Nahrungsergänzungsmittel helfen den Haarwuchs wieder aufzubauen? Manche von ihnen sind wahre Kraftwerke der Natur!&lt;br /&gt;
- Welche Mittel der Naturheilkunde haben sich bei der Bekämpfung des Haarausfalls bewährt?&lt;br /&gt;
- Welche Massagetechniken und Pflegemethoden stärken Ihre Kopfhaut und kurbeln Ihr Haarwachstum an?&lt;br /&gt;
&lt;br /&gt;
&lt;br /&gt;
&lt;p&gt;
&lt;br /&gt;
&lt;strong&gt;Dieses Buch ist eine wahre Fundgrube an konkreten Informationen gegen Haarausfall. Hier finden Sie die besten Turbos der Natur für volles und gesundes Haar.&lt;br /&gt;
&lt;br /&gt;
Mit den neuesten wissenschaftlichen Erkenntnissen!&lt;br /&gt;
Unter Berücksichtigung der aktuellen medizinischen Studien!&lt;br /&gt;
&lt;/strong&gt;&lt;/p&gt;
</marc:subfield>
   </marc:datafield>
   <marc:datafield ind1=" " ind2=" " tag="020">
      <marc:subfield code="a">9783864454868</marc:subfield>
      <marc:subfield code="9">9783864454868</marc:subfield>
   </marc:datafield>
   <marc:datafield ind1=" " ind2=" " tag="020">
      <marc:subfield code="a">3864454867</marc:subfield>
      <marc:subfield code="9">3864454867</marc:subfield>
   </marc:datafield>
   <marc:datafield ind1=" " ind2=" " tag="041">
      <marc:subfield code="a">ger</marc:subfield>
   </marc:datafield>
   <marc:datafield ind1=" " ind2=" " tag="300">
      <marc:subfield code="a">304 Seiten</marc:subfield>
   </marc:datafield>
</marc:record>
